| 000 | 00699ntaaa2200229 4500 | ||
|---|---|---|---|
| 003 | 01 | ||
| 005 | 20251027200618.0 | ||
| 008 | 0714s1973 ag 01 | ||
| 020 | _a9505820609 | ||
| 040 |
_aAR-BaBN _bspa _cAR-BaBN _eaacr _dRIC |
||
| 082 | _a362.2 Si1 | ||
| 245 |
_aProblemas de salud mental y del envejecimiento y de la vejez / _cSela B Sierra, |
||
| 250 | _a1 ed. | ||
| 260 |
_aBuenos Aires : _bHuumanitas, _c1964, 1983 |
||
| 300 | _a61 p | ||
| 500 | _aPublicado originalmente en 1959 por la Organizacion Mundial de la Salud, en GinebraEl ejemplar 2 es 3a. ed. de 1983 | ||
| 650 | _aServicio Social | ||
| 650 |
_aSalud Mental _92011 |
||
| 650 | _aVejez | ||
| 700 | _aSierra, Sela B | ||
| 942 | _cBK | ||
| 999 |
_c776 _d776 |
||